| 000 | 03417nam a2200397Ia 4500 | ||
|---|---|---|---|
| 001 | 9780203148600 | ||
| 003 | BD-DhSAU | ||
| 005 | 20151012151720.0 | ||
| 006 | a|||||s||||||||||| | ||
| 007 | cr|||| | ||
| 008 | 120327s2012 nyuad sb 001 0 eng d | ||
| 020 | _a9780203148600 (e-book : PDF) | ||
| 040 |
_aBD-DhSAU _cBD-DhSAU |
||
| 090 |
_aHM851 _b.M54 2012 |
||
| 092 |
_a303.4833086912 _bM636 |
||
| 245 | 0 | 0 |
_aMigration, diaspora and information technology in global societies _h[electronic resource] / _cedited by Leopoldina Fortunati, Raul Pertierra and Jane Vincent. |
| 250 | _a1st ed. | ||
| 260 |
_aNew York, N.Y. : _bRoutledge, _c2012. |
||
| 300 |
_axviii, 271 p. : _bill. |
||
| 490 | 1 |
_aRoutledge research in information technology and society ; _v12 |
|
| 504 | _aIncludes bibliographical references and index. | ||
| 505 | 0 | _a1. New media, migrations and culture : from multi- to interculture / Giuseppe Mantovani -- 2. From English to new Englishes : language migration towards new paradigms / Maria Bortoluzzi -- 3. Frame setting of contestable categories : the construction of multiracial identity in the mass media / Alice Robbin -- 4. Grandmothers, girlfriends and big men : the gendered geographies of Jamaican transnational communication / Heather Horst -- 5. Mobiles, men and migration : mobile communication and everyday multiculturalism in Australia / Clifton Evers and Gerard Goggin -- 6. Australian migrant children : ICT use and the construction of future lives / Lelia Green and Nahid Kabir -- 7. Diasporas, the new media and the globalized homeland / Raul Pertierra -- 8. Make yourself at home in www.cibervalle.com : meanings of proximity and togetherness in the era of "broadband society" / Heike Mãaonika Greschke -- 9. The Bulgarian-language media diaspora / Polina Stoyanova and Lilia Raycheva -- 10. "God is technology" : mediating the sacred in the Congolese diaspora / David Garbin and Manuel A. Vãaasquez -- 11. Mediatized migrants : media cultures and communicative networking in the diaspora / Andreas Hepp, Cigdem Bozdag and Laura Suna -- 12. ICT adoption by immigrants and ethnic minorities in Europe : overview of quantitative evidence and discussion of drivers / Stefano Kluzer and Cristiano Codagnone -- 13. Migrant workers, new media technologies, and decontextualization : a preliminary observation in southern China / Pui-lam Law -- 14. Floating workers and mobile QQ : the struggle in the search for roots / Chung-tai Cheng -- 15. Community connections and ICT : the Chinese community in Prato, Italy and Melbourne, Australia : networks, ICTs and Chinese diasporas / Tom Denison and Graeme Johanson -- 16. Imagining China : online expatriates as "bridge bloggers" on the Chinese Internet / David Kurt Herold. | |
| 530 | _aAlso available in print edition. | ||
| 538 | _aMode of access: World Wide Web. | ||
| 650 | 0 |
_aInformation technology _xSocial aspects. |
|
| 650 | 0 | _aInternet and immigrants. | |
| 650 | 0 | _aIdentity (Psychology) and mass media. | |
| 650 | 0 | _aCommunication and technology. | |
| 655 | 7 |
_aElectronic books. _2lcsh |
|
| 700 | 1 | _aFortunati, Leopoldina. | |
| 700 | 1 |
_aPertierra, Raul, _d1941- |
|
| 700 | 1 |
_aVincent, Jane, _d1956- |
|
| 776 | 1 | _z9780415887090 (hardback : alk. paper) | |
| 830 | 0 |
_aRoutledge research in information technology and society ; _v12. |
|
| 856 | 4 | 0 | _uhttp://www.tandfebooks.com/isbn/9780203148600 |
| 999 |
_c12668 _d12667 |
||